000 00700nam a22002417a 4500
001 240002
003 DO-SdBNP
005 20180207095439.0
007 240002
008 160314b 2004 cu xxu||||| |||| 00| 0 spa d
020 _a9592103321
040 _aBPMSU
_bspa
_cBPMSU
092 _axxxx
_bxxxx
100 1 _aBlanco, Katiuska
245 1 0 _aVoces del milagro /
_cKatiuska Blanco, Alina Perera, Alberto Núñez.
260 _aCiudad de la Habana, Cuba :
_bCasa Editora Abril,
_c2004.
300 _a147 p. :
_bil., retrs. ;
_c20 cm.
700 1 2 _aPerera, Alina
_4
700 1 2 _aNúñez, Núñez.
942 _2ddc
_cBK
945 _ainventariado,2018 / dg
956 _2LOPEREZ
_310
_6BPMSU
_800260
999 _c9217
_d9217